| 000 | 00759nam a2200229 a 4500 | ||
|---|---|---|---|
| 001 | BRCA_1947 | ||
| 005 | 20190320203618.0 | ||
| 008 | 870806s1986 mx-b---##b---#000-0dspa-# | ||
| 020 | _a9684521553 (Obra completa) | ||
| 050 | 4 |
_aF1204 _b.D53 1986 |
|
| 245 | 1 | 0 | _aDiccionario Porrúa de historia, biografía y geografía de México. |
| 250 | _a5 | ||
| 260 |
_aMéxico _bPorrúa _c1986 |
||
| 300 |
_a3 v. _bil., [42] láminas en sobre, mapas, planos _c26 cm. |
||
| 504 | _aBibliografía : p. 3267-3282 (v.3) | ||
| 505 | 0 | _aContenido : v.1. A-F. -- v.2. G-O. -- v.3. P-Z | |
| 651 | 4 |
_aMéxico _vEnciclopedias _xHistoria _95982 |
|
| 651 | 4 |
_aMéxico _vBiografía _93127 |
|
| 651 | 4 |
_aMéxico _vEnciclopedias _xGeografía _95983 |
|
| 902 | _aREF | ||
| 942 |
_2lcc _cB |
||
| 999 |
_c1717 _d1717 |
||